| 000 | 01235cam a2200349 a 4500 | ||
|---|---|---|---|
| 001 | 14805256 | ||
| 003 | OSt | ||
| 005 | 20170320103207.0 | ||
| 008 | 070412s2007 maua 001 0 eng | ||
| 010 | _a 2007926772 | ||
| 020 | _a9780618890552 (instructor's annotated edition) | ||
| 020 | _a0618890556 (instructor's annotated edition) | ||
| 020 | _a9780618775408 (student ed.) | ||
| 020 | _a0618775404 (student ed.) | ||
| 040 |
_aDLC _cDLC _dDLC |
||
| 043 | _an-us--- | ||
| 050 | 0 | 0 |
_aLB2395.3 _b.K3653 2008 |
| 100 | 1 | _aKanar, Carol C. | |
| 245 | 1 | 4 |
_aThe reader's corner : _bexpanding perpectives through reading / _cCarol C. Kanar. |
| 250 | _a3rd ed. | ||
| 260 |
_aBoston, MA : _bHoughton Mifflin Co., _c2007. |
||
| 300 |
_axiv, 434p. : _bill. ; _c23 cm. |
||
| 500 | _aIncludes index. | ||
| 650 | 0 | _aCollege readers. | |
| 650 | 0 |
_aCritical thinking _xStudy and teaching (Higher) _zUnited States. |
|
| 650 | 0 |
_aEnglish language _xRhetoric. |
|
| 650 | 0 |
_aStudy skills _xStudy and teaching. |
|
| 906 |
_a7 _bcbc _corignew _d2 _eepcn _f20 _gy-gencatlg |
||
| 942 |
_2lcc _cBK |
||
| 999 |
_c255950 _d255949 |
||